Vè chống phong kiến, đế quốc

Gồm các bài vè về phong kiến và đế quốc. Bên cạnh đó còn có các bài vè về các vị anh hùng

Đã lưu trong:
Bibliografiske detaljer
Institution som forfatter: Hội văn nghệ dân gian Việt Nam
Format: Bog
Sprog:Undetermined
Udgivet: Hà Nội Khoa học - Xã hội 2015
Fag:
Tags: Tilføj Tag
Ingen Tags, Vær først til at tagge denne postø!
Thư viện lưu trữ: Trung tâm Học liệu Trường Đại học Cần Thơ
LEADER 00789nam a2200193Ia 4500
001 CTU_209498
008 210402s9999 xx 000 0 und d
082 |a 398.809597 
082 |b H452/Q.3 
110 |a Hội văn nghệ dân gian Việt Nam 
245 0 |a Vè chống phong kiến, đế quốc 
245 0 |c Vũ Tố Hảo (Biên soạn) 
260 |a Hà Nội 
260 |b Khoa học - Xã hội 
260 |c 2015 
520 |a Gồm các bài vè về phong kiến và đế quốc. Bên cạnh đó còn có các bài vè về các vị anh hùng 
650 |a Văn học dân gian Việt Nam,Folk literature,Vietnamese 
904 |i Trần Thu Thảo,Hải 
980 |a Trung tâm Học liệu Trường Đại học Cần Thơ